[Event "FRA-chT3"]
[Site "France"]
[Date "2001.??.??"]
[Round "5"]
[White "Razny, Eric"]
[Black "Sage, Jean Claude"]
[Result "1-0"]
[WhiteElo "1820"]
[BlackElo "1670"]
[PlyCount "79"]
[EventDate "2001.??.??"]
[EventType "team"]
[EventRounds "9"]
[EventCountry "FRA"]
[SourceTitle "EXT 2003"]
[Source "ChessBase"]
[SourceDate "2002.11.25"]
[SourceVersion "1"]
[SourceVersionDate "2002.11.25"]
[SourceQuality "1"]

1. d4 d5 2. c4 c6 3. Nc3 Nf6 4. Nf3 e6 5. Bg5 h6 6. Bh4 dxc4 7. e4 g5 8. Bg3 b5 9. a4 Bb4 10. Qc2 Nbd7 11. axb5 cxb5 12. Be2 Bxc3+ 13. bxc3 Bb7 14. Nd2 h5 15. h3 h4 16. Bh2 a6 17. 0-0 g4 18. hxg4 h3 19. g5 hxg2 20. Kxg2 Nh5 21. f4 f6 22. Bxh5+ Rxh5 23. Nf3 Qe7 24. Rh1 0-0-0 25. Bg3 Rdh8 26. Rh4 Qh7 27. Rxh5 Qxh5 28. Kf2 f5 29. Nd2 Qg4 30. exf5 exf5 31. Qd1 Qh3 32. Qf1 Qg4 33. Qe2 Qh3 34. Rg1 Kd8 35. Nf3 Nb6 36. Qe6 Nd5 37. Ne5 Rh7 38. Nf7+ Kc7 39. Qd6+ Kc8 40. Qd8# 1-0